Statistics for Music by Letter - L

Click here to take the quiz!

General Stats

  • This quiz has been taken 12,816 times
    (12,558 since last reset)
  • The average score is 15 of 20

Answer Stats

HintAnswer% Correct
Words of a songLyrics
98%
Word before Gaga or AntebellumLady
97%
Jazz trumpeter ArmstrongLouis
97%
Beethoven's first nameLudwig
96%
Song by the Doors: "_____ My Fire"Light
93%
Hometown of the BeatlesLiverpool
93%
Word before shack, story, or yourselfLove
91%
Child's cradle songLullaby
87%
Cohen or Bernstein, e.g.Leonard
80%
Album by the Clash: "______ Calling"London
78%
Renaissance guitarLute
75%
Instrument played by Apollo,
Nero, and King David
Lyre
75%
One of the Gallagher brothers of "Oasis"Liam
73%
"Eurythmics" singer AnnieLennox
69%
New Zealand singer of "Royals" fameLorde
68%
Operatic tenor Pavarotti's first nameLuciano
60%
German city where Bach diedLeipzig
44%
Slow, broad tempo; opposite of prestoLargo
39%
Hungarian pianist who drove women
mad in the 19th century
Liszt
39%
Text of an operaLibretto
30%

Score Distribution

Percentile by Number Answered

Percent of People with Each Score

Your Score History

You have not taken this quiz since the last reset